000 00284nam a22001337a 4500
008 171023b xxu||||| |||| 00| 0 eng d
020 _a9780070242685
041 _aeng
080 _a338
100 _a54
101 _aMO
245 _aBIO-STATISTICS
_cGLANTZ, S.A
942 _2udc
_cBK
999 _c35484
_d35484